Países do mundo por ordem alfabética - Statistics

Estatísticas Gerais
  • Esse quiz foi jogado 328 vezes
  • A pontuação média é 52 de 196
Estatísticas das Respostas
Resposta % Correto
Afeganistão
97%
Albânia
66%
África do Sul
65%
Alemanha
65%
Andorra
61%
Antígua e Barbuda
57%
Armênia
55%
Argélia
53%
Argentina
53%
Áustria
53%
Azerbaijão
53%
Angola
52%
Austrália
52%
Arábia Saudita
50%
Bahamas
48%
Bahrein
48%
Belize
48%
Barbados
47%
Bélgica
46%
Bolívia
42%
Bangladesh
41%
Botsuana
40%
Bielorrússia
39%
Birmânia
39%
Bósnia e Herzegovina
39%
Brasil
39%
Benin
37%
Brunei
37%
Canadá
37%
Burkina Faso
36%
Burundi
36%
Camarões
35%
China
35%
Bulgária
34%
Butão
34%
Chade
34%
Chile
34%
Chipre
34%
Dinamarca
34%
Camboja
33%
Colômbia
32%
Comores
32%
Coreia do Norte
32%
Coreia do Sul
32%
Djibouti
32%
Cabo Verde
31%
Catar
31%
Cazaquistão
31%
Dominica
31%
Costa do Marfim
30%
El Salvador
30%
Eslováquia
30%
Eslovênia
30%
Finlândia
30%
Zimbábue
30%
Cuba
29%
Eritréia
29%
Costa Rica
28%
Emirados Árabes Unidos
28%
Espanha
28%
Estados Unidos
28%
França
28%
Gabão
28%
Croácia
27%
Egito
27%
Equador
27%
Gâmbia
27%
Guiana
27%
Zâmbia
27%
Estônia
26%
Etiópia
26%
Fiji
26%
Filipinas
26%
Geórgia
26%
Granada
26%
Grécia
26%
Guatemala
26%
Guiné
26%
Indonésia
26%
Jamaica
26%
Gana
25%
Guiné-Bissau
25%
Guiné Equatorial
25%
Haiti
25%
Honduras
25%
Índia
25%
Kiribati
25%
Islândia
24%
Jordânia
24%
Essuatíni
23%
Hungria
23%
Iêmen
23%
Irã
23%
Iraque
23%
Japão
23%
Kuweit
23%
Laos
23%
Lesoto
23%
Líbano
23%
Líbia
23%
Uzbequistão
23%
Vaticano
23%
Venezuela
23%
Ilhas Marshall
22%
Ilhas Salomão
22%
Israel
22%
Kosovo
22%
Libéria
22%
Ucrânia
22%
Uganda
22%
Uruguai
22%
Irlanda
21%
Itália
21%
Letônia
21%
Liechtenstein
21%
Lituânia
21%
Macedônia
21%
Maldivas
21%
Mali
21%
Maurício
21%
Mauritânia
21%
Nauru
21%
Nicarágua
21%
Nigéria
21%
Omã
21%
Turquia
21%
Vanuatu
21%
Vietnã
21%
Malta
20%
Nepal
20%
Níger
20%
Palau
20%
Turcomenistão
20%
Tuvalu
20%
Estados Federados da Micronésia
19%
Luxemburgo
19%
Madagascar
19%
Malawi
19%
Moldávia
19%
Noruega
19%
Panamá
19%
Paquistão
19%
Peru
19%
Portugal
19%
Quênia
19%
São Cristóvão e Nevis
19%
São Vicente e Granadinas
19%
Somália
19%
Marrocos
18%
México
18%
Mônaco
18%
Polônia
18%
Romênia
18%
Ruanda
18%
Tajiquistão
18%
Tonga
18%
Trinidad e Tobago
18%
Malásia
17%
Mongólia
17%
Montenegro
17%
Namíbia
17%
Paraguai
17%
Quirguistão
17%
Rússia
17%
Santa Lúcia
17%
São Tomé e Príncipe
17%
Senegal
17%
Sérvia
17%
Síria
17%
Sri Lanka
17%
Suécia
17%
Suíça
17%
Tailândia
17%
Taiwan
17%
Togo
17%
Moçambique
16%
República Dominicana
16%
Samoa
16%
Seychelles
16%
Sudão
16%
Sudão do Sul
16%
Suriname
16%
Tunísia
16%
Nova Zelândia
15%
Papua Nova Guiné
15%
República Democrática do Congo
15%
República do Congo
15%
República Tcheca
15%
Tanzânia
15%
Países Baixos
14%
República Centro-Africana
14%
San Marino
14%
Timor-Leste
14%
Reino Unido
13%
Singapura
13%
Serra Leoa
12%
Nenhum quiz correspondente encontrado
Distribuição das Pontuações
Porcentagem de Pessoas com Cada Pontuação
Percentil de Números Respondidos
Sua Pontuação Histórica
Você não jogou esse quiz